Central Library OPAC University of Rajshahi

Some theories of organization / (Record no. 15488)

MARC details
000 -LEADER
fixed length control field 00947cam a2200289 4500
001 - CONTROL NUMBER
control field 15488
003 - CONTROL NUMBER IDENTIFIER
rucl marc code BD-RjUL
005 - DATE AND TIME OF LATEST TRANSACTION
control field 20211208235827.0
008 - FIXED-LENGTH DATA ELEMENTS--GENERAL INFORMATION
fixed length control field 140210s19691966ilua b 001 0 eng
035 ## - SYSTEM CONTROL NUMBER
System control number (BD-RjUL)15542
040 ## - CATALOGING SOURCE
Original cataloging agency DLC
Transcribing agency DLC
Modifying agency DLC
Language of cataloging eng
041 ## - LANGUAGE CODE
Language code of text/sound track or separate title eng
082 00 - DEWEY DECIMAL CLASSIFICATION NUMBER
Classification number 658
Author mark and year RUS 1969
100 1# - MAIN ENTRY--PERSONAL NAME
Personal name Rubenstein, Albert Harold,
Dates associated with a name 1923-
9 (RLIN) 48107
245 10 - TITLE STATEMENT
Title Some theories of organization /
Statement of responsibility, etc. edited by Albert H. Rubenstein and Chadwick J. Haberstroh.
250 ## - EDITION STATEMENT
Edition statement Rev. ed.
260 ## - PUBLICATION, DISTRIBUTION, ETC. (IMPRINT)
Place of publication, distribution, etc. Homewood, Ill. :
Name of publisher, distributor, etc. R. D. Irwin,
Date of publication, distribution, etc. 1966.[reprinting 1969]
300 ## - PHYSICAL DESCRIPTION
Pagination xiii, 722 p. :
Illustrations illus. ;
Size 24 cm.
490 0# - SERIES STATEMENT
Series statement The Irwin-Dorsey series in behavioral science
504 ## - BIBLIOGRAPHY, ETC. NOTE
Bibliography, etc Includes index and bibliographies.
650 #0 - SUBJECT ADDED ENTRY--TOPICAL TERM
Topical term or geographic name as entry element Organization.
9 (RLIN) 48108
Topical term or geographic name as entry element Industrial organization.
9 (RLIN) 48109
700 1# - ADDED ENTRY--PERSONAL NAME
Personal name Haberstroh, Chadwick J.
Fuller form of name (Chadwick John),
942 ## - ADDED ENTRY ELEMENTS (KOHA)
Source of classification or shelving scheme Dewey Decimal Classification
Koha item type Books
Holdings
Lost status Source of classification or shelving scheme Damaged status Not for loan Collection code Permanent Location Current Location Shelving location Date acquired Source of acquisition Cost, normal purchase price Total Checkouts Full call number Date last seen Copy number Koha item type
  Dewey Decimal Classification     Non-fiction Central Library, University of Rajshahi Central Library, University of Rajshahi   08/07/1971 Zeitlinger 120.00   658 RUS 1969 10/02/2014 C-4 Books
  Dewey Decimal Classification   Not For Loan Non-fiction Central Library, University of Rajshahi Central Library, University of Rajshahi Reading Room 29/03/1968 Euro-pak 48.00   658 RUS 1969 21/12/2016 C-1 Books
  Dewey Decimal Classification     Non-fiction Central Library, University of Rajshahi Central Library, University of Rajshahi   08/07/1970 zeitlinger 79.00   658 RUS 1969 25/04/2019 C-2 Books
  Dewey Decimal Classification     Non-fiction Central Library, University of Rajshahi Central Library, University of Rajshahi   08/07/1970 zeitlinger 79.00   658 RUS 1969 25/04/2019 C-3 Books
  Dewey Decimal Classification     Non-fiction Central Library, University of Rajshahi Central Library, University of Rajshahi   08/07/1970 zeitlinger 79.00   658 RUS 1969 25/04/2019 C-5 Books
  Dewey Decimal Classification     Non-fiction Central Library, University of Rajshahi Central Library, University of Rajshahi   08/07/1970 zeitlinger 79.00   658 RUS 1969 25/04/2019 C-6 Books